000 00877nas a2200265 4500
001 BR9206094
003 BR-BrBNA
005 20231205092903.0
007 ta
008 230509b bl.|||p| |||| 00| 00por d
040 _aBR-BrBNA
_bpor
_cBiblioteca Nacional de Agricultura
041 _a(Pt)
072 _aF03
100 1 _aMoraes, C.O.C.
100 1 _aPaim, N.R.
100 1 _aNabinger, C.
245 1 _aAvaliacao do potencial de producao de sementes de especies, formas e cultivares de trevo-branco
246 1 _aEvaluation of the potential seed yield of white clover species, forms and cultivars
650 _aTREVO BRANCO
650 _aSEMENTE
650 _aRENDIMENTO
773 0 _tPesquisa Agropecuaria Brasileira (Brazil)
_xISSN 0100-204X
_g(Nov 1990), v. 25(11) p. 1537-1545
_wBR9206094
909 _a202311
_bLúcia
_c55
_dLúcia Elande
942 _2AGRIS
_n0
_cANA
999 _c134897
_d134897